000 00537nam a2200181Ia 4500
008 151018s9999 xx 000 0 und d
082 _bRBASDV57858
_a891.463
100 _aकिसन कानसकर
245 _aअंधार काजवा
250 _b1
260 _bशांती
_c2012
300 _a184
600 _aकिसन कानसकर
630 _aअंधार काजवा
700 _aकिसन कानसकर
730 _aअंधार काजवा
942 _cBOOK
999 _c1053120
_d1053117